[Event "DSOL 05 Liga Gr-D 1st"]
[Site "Playchess.com INT"]
[Date "2020.06.26"]
[Round "1.4"]
[White "Pueschel, Andreas"]
[Black "Yildiz, Melvin"]
[Result "1-0"]
[WhiteElo "1371"]
[BlackElo "1014"]
[PlyCount "103"]
[EventDate "2020.06.22"]
[EventType "team-tourn (rapid)"]
[EventCountry "GER"]
[SourceTitle "EXT 2021"]
[Source "ChessBase"]
[SourceDate "2020.10.23"]
[SourceVersion "1"]
[SourceVersionDate "2020.10.23"]
[SourceQuality "1"]
[WhiteTeam "Bad Essen"]
[BlackTeam "Verden"]
[WhiteTeamCountry "GER"]
[BlackTeamCountry "GER"]

1. d4 d5 2. Nf3 e6 3. Bf4 c6 4. e3 Nf6 5. Bd3 Bd6 6. Ne5 Nbd7 7. Nd2 Nxe5 8. dxe5 Bc7 9. exf6 gxf6 10. Bxc7 Qxc7 11. Qf3 Qe5 12. 0-0-0 f5 13. Qg3 Qxg3 14. hxg3 b6 15. Nf3 h6 16. Ne5 c5 17. c3 Bb7 18. f4 c4 19. Bc2 Ke7 20. g4 fxg4 21. Rh4 Rag8 22. Rxg4 Rxg4 23. Nxg4 h5 24. Rh1 d4 25. cxd4 Bxg2 26. Rh2 Bf3 27. Ne5 Bd5 28. Bd1 a5 29. Rxh5 Rxh5 30. Bxh5 b5 31. Bxf7 b4 32. Bh5 a4 33. Bd1 b3 34. axb3 cxb3 35. Kd2 Be4 36. Kc3 Kd6 37. Bxb3 axb3 38. Kxb3 Bd5+ 39. Kb4 Bc6 40. Nxc6 Kxc6 41. Kc4 Kd6 42. b4 Kc6 43. b5+ Kb6 44. e4 Kc7 45. Kc5 Kb7 46. d5 exd5 47. exd5 Kc7 48. f5 Kd7 49. b6 Kc8 50. Kc6 Kb8 51. f6 Kc8 52. f7 1-0